Le Contour mystérieux / (Record no. 8598)

MARC details
000 -LEADER
campo de control de longitud fija 00737nam a2200217 i 4500
001 - NÚMERO DE CONTROL
campo de control 8598
003 - IDENTIFICADOR DE NÚMERO DE CONTROL
campo de control ES-MaACL
005 - FECHA Y HORA DE LA ÚLTIMA TRANSACCIÓN
campo de control 20230906145508.0
007 - CAMPO FIJO DE DESCRIPCIÓN FÍSICA--INFORMACIÓN GENERAL
campo de control de longitud fija t|
008 - DATOS DE LONGITUD FIJA--INFORMACIÓN GENERAL
campo de control de longitud fija 920812s1990 fr ||||1| spa d
080 ## - NÚMERO DE LA CLASIFICACIÓN DECIMAL UNIVERSAL
Número de la Clasificación Decimal Universal 84-312.6"19"
080 ## - NÚMERO DE LA CLASIFICACIÓN DECIMAL UNIVERSAL
Número de la Clasificación Decimal Universal 84(Clausell Bernat, C.7 C.02)
100 1# - ENTRADA PRINCIPAL--NOMBRE DE PERSONA
Nombre de persona Clausell Bernat, Carmen.
9 (RLIN) 39094
245 13 - MENCIÓN DEL TÍTULO
Título Le Contour mystérieux /
Mención de responsabilidad, etc. Carmen Clausell Bernat ; préface de Narciso Alba ; illustrations de Marguerite Giral.
260 ## - PUBLICACIÓN, DISTRIBUCIÓN, ETC.
Lugar de publicación, distribución, etc. [S.l. :
Nombre del editor, distribuidor, etc. s.n.],
Fecha de publicación, distribución, etc. D.L. 1990 (
Lugar de fabricación/manufactura Saint-Esteve :
Fabricante Michel Fricker)
300 ## - DESCRIPCIÓN FÍSICA
Extensión 117 p. :
Otras características físicas il. ;
Dimensiones 19 cm.
500 ## - NOTA GENERAL
Nota general Texto en francés y castellano.
700 1# - ENTRADA AGREGADA--NOMBRE PERSONAL
Nombre de persona Alba, Narciso.
9 (RLIN) 19193
700 1# - ENTRADA AGREGADA--NOMBRE PERSONAL
Nombre de persona Giral, Marguerite.
9 (RLIN) 57183
852 ## - LOCALIZACIÓN
Ubicación ES-MaACL
Número de control de estantería L-16231
Sublocalización o colección R.119767
Holdings
Estatus retirado Estado de pérdida Estado de daño No para préstamo Biblioteca de origen Biblioteca actual Ubicación en estantería Fecha de adquisición Fuente de adquisición Total de préstamos Signatura topográfica completa Código de barras Visto por última vez Precio de reemplazo Tipo de ítem Koha
        Biblioteca del Ateneo de Madrid Biblioteca del Ateneo de Madrid Depósito 2 17/01/2008     L-16231 1008783 23/02/2023 23/02/2023 Libro impreso